Top 500 Baby Boy Names of 1999-USA - Statistics

General Stats
  • This quiz has been taken 2,999 times
  • The average score is 247 of 500
Answer Stats
Rank Hint Answer % Correct
15 J John
98%
345 J Jon
98%
52 J Jack
97%
19 J James
97%
2 M Michael
95%
280 M Micheal
95%
14 W William
95%
275 D Danny
93%
35 J Jose
93%
396 C Chris
92%
227 M Mathew
92%
3 M Matthew
92%
5 N Nicholas
91%
264 N Nickolas
91%
138 N Nicolas
91%
319 N Nikolas
91%
31 T Thomas
91%
489 T Tomas
91%
58 A Alex
90%
190 A Andre
90%
16 D David
90%
6 C Christopher
89%
8 J Joseph
89%
294 K Kristopher
89%
26 R Robert
89%
21 A Alexander
88%
1 J Jacob
88%
200 J Jakob
88%
17 Z Zachary
88%
258 Z Zachery
88%
238 Z Zackary
88%
352 Z Zackery
88%
7 A Andrew
87%
9 D Daniel
87%
83 J Jackson
87%
146 J Johnathan
87%
359 J Johnathon
87%
22 J Jonathan
87%
207 J Jonathon
87%
235 M Marc
87%
69 M Mark
87%
29 B Benjamin
85%
50 C Charles
85%
32 N Nathan
85%
12 R Ryan
85%
459 S Sam
85%
256 T Ty
85%
40 J Jason
84%
363 J Jayson
84%
296 J Joe
84%
94 P Paul
84%
123 G George
83%
4 J Joshua
83%
61 R Richard
83%
27 S Samuel
83%
18 A Anthony
82%
105 P Peter
82%
49 T Timothy
82%
310 B Branden
81%
130 H Henry
81%
90 L Lucas
81%
362 L Lukas
81%
10 T Tyler
81%
44 A Adam
80%
11 B Brandon
80%
43 B Brian
80%
74 B Bryan
80%
25 C Christian
80%
158 C Cristian
80%
103 E Edward
80%
20 J Justin
80%
415 K Kristian
80%
67 L Luke
80%
24 N Noah
80%
56 S Sean
80%
378 S Shaun
80%
117 S Shawn
80%
38 A Aaron
79%
187 F Frank
79%
482 H Harry
79%
30 J Jordan
79%
439 J Jordon
79%
34 K Kevin
79%
86 S Stephen
79%
365 D Dean
78%
278 E Eli
78%
28 K Kyle
78%
441 L Leo
78%
47 S Steven
78%
290 C Carl
77%
192 D Donald
77%
39 E Eric
77%
193 E Erick
77%
139 E Erik
77%
37 E Ethan
77%
64 I Isaac
77%
453 I Issac
77%
340 O Oliver
77%
427 C Charlie
76%
81 J Jeremy
76%
481 L Leon
76%
244 A Allen
75%
97 J Jake
75%
98 M Marcus
75%
62 N Nathaniel
75%
164 A Alan
74%
445 A Allan
74%
326 J Jay
74%
474 L Leonard
74%
390 S Steve
74%
487 A Adan
73%
166 A Aidan
73%
473 A Aiden
73%
142 D Dillon
73%
71 I Ian
73%
23 D Dylan
72%
60 E Elijah
72%
57 E Evan
72%
111 J Julian
72%
417 N Nathanael
72%
63 P Patrick
72%
186 R Ronald
72%
122 G Gregory
70%
202 J Jaden
70%
443 J Jamie
70%
254 J Jayden
70%
72 M Mason
70%
240 P Philip
70%
188 P Phillip
70%
241 J Jaime
69%
299 T Tommy
69%
350 B Billy
68%
104 B Bradley
68%
33 C Cameron
68%
380 C Camron
68%
309 J Jeffery
68%
100 J Jeffrey
68%
259 K Kameron
68%
89 K Kenneth
68%
174 M Martin
68%
185 C Conner
67%
48 C Connor
67%
364 C Conor
67%
108 J Jeremiah
67%
141 L Liam
67%
314 T Theodore
67%
226 J Johnny
66%
42 L Logan
66%
262 L Louis
66%
95 V Victor
66%
269 A Albert
65%
320 A Arthur
65%
59 C Carlos
65%
55 L Luis
65%
120 T Taylor
65%
121 V Vincent
65%
148 I Ivan
64%
490 J Joey
64%
161 M Max
64%
153 O Owen
64%
384 F Frederick
63%
53 G Gabriel
63%
96 B Brendan
62%
242 B Brenden
62%
329 B Brendon
62%
41 C Caleb
62%
179 C Carter
62%
119 C Colin
62%
129 C Collin
62%
159 K Kaleb
62%
214 A Abraham
61%
13 A Austin
61%
360 B Bobby
61%
182 H Harrison
61%
82 J Jesse
61%
408 J Jessie
61%
272 J Jimmy
61%
255 L Leonardo
61%
116 O Oscar
61%
267 S Simon
61%
75 C Cole
60%
213 D Derrick
60%
51 I Isaiah
60%
341 I Isiah
60%
218 A Andy
59%
135 C Corey
59%
198 C Cory
59%
114 D Derek
59%
430 F Francis
59%
115 J Joel
59%
197 J Jonah
59%
312 W Walter
59%
79 A Adrian
58%
80 A Antonio
58%
45 C Cody
58%
220 D Damian
58%
268 D Damien
58%
450 D Damion
58%
144 R Raymond
58%
46 J Juan
57%
357 K Kody
57%
266 T Tony
57%
339 E Eddie
56%
36 H Hunter
56%
70 J Jesus
56%
140 S Scott
56%
113 X Xavier
56%
277 A Ashton
55%
54 J Jared
55%
344 J Jarod
55%
422 J Jarred
55%
436 J Jarrod
55%
152 S Sebastian
55%
66 T Trevor
55%
311 L Lawrence
54%
76 C Chase
53%
261 C Cooper
53%
239 D Dennis
53%
251 G Gary
53%
281 M Miles
53%
112 M Mitchell
53%
313 M Myles
53%
84 B Blake
52%
246 J Jerry
52%
124 P Parker
52%
127 R Riley
52%
283 D Darren
51%
175 D Drew
51%
206 K Keith
51%
131 W Wyatt
51%
204 E Edwin
50%
437 G Garret
50%
128 G Grant
50%
250 L Larry
50%
421 N Noel
50%
177 R Roberto
50%
194 J Josiah
49%
478 K Kai
49%
110 S Shane
49%
156 C Carson
48%
440 D Devan
48%
479 D Deven
48%
68 D Devin
48%
125 D Devon
48%
118 D Dominic
48%
265 D Dominick
48%
411 F Franklin
48%
106 M Maxwell
48%
102 T Travis
48%
469 W Warren
48%
168 W Wesley
48%
407 B Bruce
47%
101 G Gavin
47%
191 M Marco
47%
208 B Braden
46%
222 B Brayden
46%
170 L Levi
46%
315 T Terry
46%
334 T Tristen
46%
367 A Abel
45%
212 C Calvin
45%
333 G Grayson
45%
291 Q Quinn
45%
271 R Ricky
45%
65 S Seth
45%
451 S Stanley
45%
237 T Trent
45%
99 T Tristan
45%
457 T Triston
45%
88 A Alejandro
44%
184 B Brady
44%
150 H Hayden
44%
107 J Jorge
44%
322 Q Quentin
44%
373 Q Quinton
44%
205 T Troy
44%
348 B Brody
43%
109 C Colton
43%
257 E Elias
43%
409 M Mateo
43%
488 N Noe
43%
211 N Nolan
43%
460 T Terrence
43%
253 Z Zane
43%
93 B Bryce
42%
225 C Cade
42%
215 C Chad
42%
327 C Craig
42%
252 J Julio
42%
432 K Kade
42%
491 M Mohammed
42%
317 M Morgan
42%
358 R Roger
42%
355 T Tyson
42%
173 E Edgar
41%
78 G Garrett
41%
405 G Graham
41%
160 J Javier
41%
500 J Julius
41%
449 L Lee
41%
91 M Miguel
41%
454 W Wayne
41%
73 A Angel
40%
137 B Brett
40%
403 C Clay
40%
285 D Damon
40%
387 F Felix
40%
349 M Marvin
40%
466 N Neil
40%
162 P Preston
40%
126 R Ricardo
40%
386 R Ross
40%
325 R Russell
40%
385 W Willie
40%
147 A Alexis
39%
279 B Brent
39%
247 D Douglas
39%
133 D Dustin
39%
145 E Eduardo
39%
499 J Jonas
39%
447 K Kenny
39%
163 M Mario
39%
353 M Marshall
39%
203 P Pedro
39%
337 R Roman
39%
468 R Ronnie
39%
393 R Roy
39%
392 A Ali
38%
171 C Casey
38%
406 H Hugo
38%
196 L Landon
38%
155 M Manuel
38%
92 S Spencer
38%
189 T Trey
38%
383 Z Zachariah
38%
260 A Alberto
37%
282 D Drake
37%
379 G Gerald
37%
157 C Clayton
35%
418 R Reece
35%
458 R Reese
35%
132 A Alec
34%
306 A Angelo
34%
236 A Avery
34%
288 C Caden
34%
316 K Kaden
34%
307 P Pablo
34%
263 R Randy
34%
399 W Weston
34%
223 C Chance
33%
485 E Ezra
33%
343 M Moises
33%
483 M Moses
33%
376 T Terrance
33%
154 A Andres
32%
151 C Chandler
32%
248 C Curtis
32%
330 E Emanuel
32%
216 E Emmanuel
32%
134 F Francisco
32%
336 J Jace
32%
287 L Lance
32%
195 M Micah
32%
143 O Omar
32%
444 A Alvin
31%
303 D Dallas
31%
87 T Tanner
31%
295 T Tucker
31%
462 W Wade
31%
371 D Davis
30%
149 D Diego
30%
375 E Ezekiel
30%
318 S Saul
30%
167 B Bailey
29%
495 D Dale
29%
394 T Todd
29%
428 D Dane
28%
199 D Darius
28%
498 M Maximilian
28%
305 P Payton
28%
234 P Peyton
28%
397 R Randall
28%
477 B Beau
27%
497 B Bennett
27%
210 D Donovan
27%
446 J Jerome
27%
209 R Ruben
27%
438 C Camden
26%
461 H Harley
26%
249 I Israel
26%
366 M Malcolm
26%
442 S Solomon
26%
284 A Alfredo
25%
292 C Corbin
25%
85 D Dalton
25%
293 J Jaylen
25%
426 M Melvin
25%
180 T Trenton
25%
424 T Tyrone
25%
331 B Braxton
24%
224 C Colby
24%
232 D Dante
24%
351 D Desmond
24%
346 E Emilio
24%
169 F Fernando
24%
221 G Giovanni
24%
183 H Hector
24%
172 J Jalen
24%
455 J Jaylon
24%
496 M Marlon
24%
402 N Nelson
24%
321 R Rodney
24%
434 W Walker
24%
273 B Brock
23%
276 B Bryson
23%
420 B Byron
23%
77 D Dakota
23%
136 D Dawson
23%
230 E Enrique
23%
472 E Eugene
23%
356 M Maurice
23%
381 R Reginald
23%
480 S Sawyer
22%
374 S Skylar
22%
231 S Skyler
22%
270 B Brennan
21%
429 D Darrell
21%
289 F Fabian
21%
377 K Kelvin
21%
229 R Rafael
21%
302 R Ramon
21%
423 R Reed
21%
448 R Reid
21%
335 J Jamal
20%
298 K Kyler
20%
304 L Lorenzo
20%
274 Z Zion
20%
332 B Bryant
19%
410 D Duncan
19%
368 E Esteban
19%
404 S Santiago
19%
463 T Tate
19%
401 A Amir
18%
233 A Armando
18%
328 E Ernesto
18%
178 G Gage
18%
286 A Arturo
17%
301 K Keegan
17%
297 L Lane
17%
228 R Raul
17%
176 S Sergio
17%
219 G Griffin
16%
431 H Holden
16%
243 M Marcos
16%
338 I Ismael
15%
245 J Josue
15%
369 M Malachi
15%
382 O Orlando
15%
464 A Alfonso
14%
476 C Cedric
14%
456 F Felipe
14%
425 K Kendrick
13%
181 C Cesar
12%
395 K Kendall
12%
165 M Malik
12%
361 R Rodrigo
12%
217 G Gerardo
11%
389 J Justice
10%
323 K Kobe
10%
347 S Salvador
10%
452 T Tyrell
10%
308 G Gustavo
9%
400 R Rene
9%
324 D Deandre
8%
391 D Demetrius
8%
470 G Gilberto
8%
388 G Guillermo
8%
433 J Jermaine
8%
492 K Keenan
8%
416 D Darian
7%
493 D Deshawn
7%
354 K Keaton
7%
372 K Khalil
7%
471 M Mauricio
7%
419 A Ahmad
6%
300 J Jarrett
6%
370 T Terrell
6%
201 T Tyrese
6%
484 U Uriel
6%
494 R Rogelio
5%
342 T Trevon
5%
486 D Davon
4%
467 D Devonte
4%
412 J Javon
4%
413 R Rodolfo
4%
435 T Tyree
4%
414 J Jaquan
3%
398 M Marquis
3%
475 R Ramiro
3%
465 D Davion
2%
No matching quizzes found
Score Distribution
Percent of People with Each Score
Percentile by Number Answered
Your Score History
You have not taken this quiz